000 00225nam a22000977a 4500
082 _a621.3827 OPT'G
100 _aGEORGE
_957239
245 _aOPTICAL DISKS VS MICROGRAPHICS
260 _aWASHINGTON
_bGEORGE
_c1990
942 _cBK
999 _c567530
_d567530